000 00612nam a2200169 i 4500
001 139032
003 ES-MaACL
005 20230906195705.0
007 t|
008 070214s1907 sp |||| | spa d
100 1 _aSaralegui y Medina, Manuel de.
_9103752
245 1 3 _aLa religión en la mar
_b: discurso leído en la Sociedad de Conferencias de Madrid en la tarde del día 9 de abril de 1907 /
_cManuel de Saralegui y Medina.
260 _aMadrid :
_b[s.n.],
_c1907 (
_fImp. de los Hijos de M.G. Hernández)
300 _a45 p. ;
_c20 cm.
650 0 4 _aReligiosidad.
_916828
852 _aES-MaACL
_jT-285-F-6
999 _c139032
_d139032